| 000 | 00612nam a22002177a 4500 | ||
|---|---|---|---|
| 001 | BD-DhSAU 7660 | ||
| 003 | BD-DhSAU | ||
| 005 | 20210922134011.0 | ||
| 008 | 150527b1987 uk a||||r|||| 000 0 eng d | ||
| 020 |
_a0407004602 _c7195.001/- |
||
| 040 | _aBD-DhSAU | ||
| 082 |
_222 _a636.085 _bW8141 |
||
| 245 |
_aFeeding of Non-Ruminant Livestock/ _ceditor: Julian Wiseman |
||
| 260 |
_bButterworths, _aLondon: _cc1987. |
||
| 300 |
_axiv, 214 p. : _bill. ; _c24 cm. |
||
| 504 | _aInclude Inxex | ||
| 650 | _aFeeding. | ||
| 650 | _aNon-Ruminant Livestock | ||
| 700 |
_aWiseman, Julian _eeditor. |
||
| 942 |
_2ddc _cBOOK |
||
| 999 |
_c15302 _d15301 |
||